Countries of the world - Hangman #2 - Statistics

General Stats
  • This quiz has been taken 238 times
  • The average score is 3 of 5
Answer Stats
Hint Answer % Correct
4 A
100%
6 A
100%
7 A
100%
7 A
100%
8 A
100%
9 A
100%
10 A
100%
11 A
100%
11 A
100%
12 A
100%
14 A
100%
14 A
100%
15 A
100%
16 A
100%
18 A
100%
18 A
100%
19 A
100%
19 A
100%
20 A
100%
20 A
100%
22 A
100%
23 A
100%
24 A
100%
1 E
100%
2 E
100%
2 E
100%
3 E
100%
16 E
100%
18 L
100%
4 N
100%
7 N
100%
18 P
100%
18 U
100%
14 L
90%
4 I
80%
10 I
80%
14 M
80%
14 T
80%
13 A
75%
21 A
75%
13 B
75%
13 I
75%
17 I
75%
15 R
67%
1 I
60%
23 I
60%
10 L
60%
10 T
60%
10 Y
60%
8 T
56%
11 N
55%
17 E
50%
13 L
50%
16 L
50%
2 M
50%
20 M
50%
16 N
50%
20 O
50%
16 P
50%
20 S
50%
21 S
50%
13 Y
50%
11 J
45%
11 P
45%
8 H
44%
8 I
44%
8 I
44%
1 B
40%
4 C
40%
4 H
40%
6 O
40%
23 R
40%
23 S
40%
23 Y
40%
12 E
33%
9 I
33%
9 I
33%
12 K
33%
2 N
33%
12 N
33%
15 N
33%
22 N
33%
15 U
33%
15 U
33%
2 Y
33%
12 Y
33%
17 G
25%
21 I
25%
17 N
25%
19 Q
25%
17 R
25%
19 R
25%
19 T
25%
6 B
20%
3 I
20%
1 N
20%
1 N
20%
24 O
20%
3 C
0%
9 D
0%
22 D
0%
5 E
0%
5 G
0%
6 G
0%
7 G
0%
24 G
0%
3 H
0%
7 H
0%
3 L
0%
6 N
0%
9 N
0%
21 N
0%
24 N
0%
5 P
0%
21 P
0%
22 S
0%
5 T
0%
24 T
0%
22 U
0%
5 Y
0%
No matching quizzes found
Score Distribution
Percent of People with Each Score
Percentile by Number Answered
Your Score History
You have not taken this quiz